000 00767nam a2200265 i 4500
001 C2-0122748
003 PPAK
005 20210812135849.0
008 970825s1986 my a|||| ||||| | may d
020 _a679700437
040 _aPPAK
_beng
_cPPAK
_erda
082 0 4 _a398.2
_223
090 0 0 _a398.2
_bSIT
_dK
100 0 _aSiti Rosnah Haji Ahmad,
_eauthor
245 1 0 _aPokok delima bertuah /
_cSiti Rosnah Haji Ahmad.
264 1 _aKuala Lumpur :
_bArenabuku ,
_c1986
300 _a29 pages :
_billustrations ;
_c20 cm
336 _atext
_2rdacontent
337 _aunmediated
_2rdamedia
338 _avolume
_2rdacarrier
490 1 _aSiri cerita warisan rakyat
650 1 0 _aChildren's
_xFolklore.
830 0 _aSiri cerita warisan rakyat
942 _cB
_2ddc
999 _c35414
_d35414